| 000 | 01058nam a2200253 a 4500 | ||
|---|---|---|---|
| 001 | 000022996 | ||
| 003 | AM-YEHGA | ||
| 005 | 20250618070839.0 | ||
| 008 | 030329s1954 ai |||||||||||||||||arm|c | ||
| 040 | _aAM-YeHGA | ||
| 041 | 0 | _aarm | |
| 100 | 1 |
_aՇևչենկո, Տարաս _98641 |
|
| 245 | 1 | 0 |
_aԿոբզար / _cՏ. Շևչենկո ; Թարգմ.՝ Գեղամ Սարյան ; Առաջաբ.՝ Ավ. Իսահակյան ; Խմբ.՝ Ս. Տարոնցի. |
| 246 | 3 | 1 | _aКобзар |
| 260 |
_aԵրևան : _bՀայպետհրատ, _c1954. |
||
| 300 |
_a302 էջ : _b1 թ. դիմանկ., 7 ներդ. թ. նկ. ; _c20 սմ. |
||
| 504 | _aԾանոթագր., էջ՚ 293-300 | ||
| 650 | 1 | 4 |
_aՈւկրաինական գրականություն _xՊոեզիա |
| 700 | 1 |
_aՍարյան, Գեղամ Բաղդասարի, _d1902-1976 _eթարգմ. _4trl _91033 |
|
| 700 | 1 |
_aԻսահակյան, Ավետիք Սահակի, _d1875-1957 _eառաջաբ. _4aui _9963 |
|
| 700 | 1 |
_aՏարոնցի, Սողոմոն, _d1905-1971 _eխմբ. _4edt _91707 |
|
| 942 |
_2udc _cBK |
||
| 090 | _c9049 | ||
| 999 |
_c8986 _d8986 |
||